000 01015nam a22003137a 4500
003 CHAP
005 20220329140437.0
008 971013s1985 r 00010 d
010 _a52045
011 _a53017
035 _a57167
040 _cCHAP
090 _aFolleto 9729
100 0 0 _aSánchez Colín, Salvador.
_9107431
245 _aSíntesis numérica en 44 años de actividades frutícolas
260 _aZinacantepec, Méx. :
_bEl autor,
_c1985
300 _a20 p.
_b; gráfs.
500 _ac.4 en bodega
590 _aBATCH-UPD
_b10
_c20130110
_lUCH01
_h1904
590 _aBATCH-UPD
_b10
_c20130410
_lUCH01
_h1232
590 _aBATCH-UPD
_b10
_c20130914
_lUCH01
_h1447
590 _aCONVERSION
_b10
_c20130109
_lUCH01
_h1328
650 1 4 _aFruticultura
_zMéxico.
_943762
901 _aBK
942 _cFOLL
949 _aFolleto 9729
_bBC
_cFOLL
_d-124517
_eTS1
_i57167
_mD
_si
949 _aFolleto 9729
_bBC
_cFOLL
_d-145322
_eTS2
_fc.2
_i57167
_si
949 _aFolleto 9729
_bBC
_cFOLL
_d-145323
_eTS2
_fc.3
_i57167
_si
999 _c52045
_d52045